<?xml version="1.0" encoding="UTF-8"?>
<record
    xmlns:xsi="http://www.w3.org/2001/XMLSchema-instance"
    xsi:schemaLocation="http://www.loc.gov/MARC21/slim http://www.loc.gov/standards/marcxml/schema/MARC21slim.xsd"
    xmlns="http://www.loc.gov/MARC21/slim">

  <leader>00906na  a2200277   4500</leader>
  <datafield tag="952" ind1=" " ind2=" ">
    <subfield code="5">1</subfield>
    <subfield code="a">0001</subfield>
    <subfield code="b">0001</subfield>
    <subfield code="d">2017-02-04</subfield>
    <subfield code="e">2</subfield>
    <subfield code="f"> BRO&#x15E;&#xDC;RLER</subfield>
    <subfield code="l">0</subfield>
    <subfield code="o">BRO&#x15E;&#xDC;R 304</subfield>
    <subfield code="p">013390</subfield>
    <subfield code="r">2017-02-04 00:00:00</subfield>
    <subfield code="t">k.7</subfield>
    <subfield code="v">0.00</subfield>
    <subfield code="w">2017-02-04</subfield>
    <subfield code="y">BKS</subfield>
  </datafield>
  <datafield tag="999" ind1=" " ind2=" ">
    <subfield code="c">8706</subfield>
    <subfield code="d">8706</subfield>
  </datafield>
  <controlfield tag="001">21373</controlfield>
  <controlfield tag="003">MIRAKIL</controlfield>
  <controlfield tag="005">20210129141544.0</controlfield>
  <controlfield tag="008">170204b        tu            000 0      </controlfield>
  <datafield tag="040" ind1=" " ind2=" ">
    <subfield code="a">Milas</subfield>
    <subfield code="b">tur</subfield>
    <subfield code="c">TR-AnCHP</subfield>
  </datafield>
  <datafield tag="041" ind1=" " ind2=" ">
    <subfield code="a">tur</subfield>
  </datafield>
  <datafield tag="082" ind1=" " ind2=" ">
    <subfield code="a">CHP 324.64</subfield>
    <subfield code="b">C36k 2014</subfield>
  </datafield>
  <datafield tag="090" ind1=" " ind2=" ">
    <subfield code="a">BRO&#x15E;&#xDC;R 304</subfield>
  </datafield>
  <datafield tag="110" ind1=" " ind2=" ">
    <subfield code="a">Cumhuriyet Halk Partisi (CHP)</subfield>
  </datafield>
  <datafield tag="245" ind1=" " ind2=" ">
    <subfield code="a">41 soruda yerel se&#xE7;im 2014</subfield>
    <subfield code="c">Cumhuriyet Halk Partisi</subfield>
  </datafield>
  <datafield tag="260" ind1=" " ind2=" ">
    <subfield code="a">Ankara</subfield>
    <subfield code="b">CHP</subfield>
    <subfield code="c">2014</subfield>
  </datafield>
  <datafield tag="300" ind1=" " ind2=" ">
    <subfield code="a">31 s.</subfield>
    <subfield code="c">15 sm.</subfield>
  </datafield>
  <datafield tag="440" ind1=" " ind2=" ">
    <subfield code="a">Cumhuriyet Halk Partisi yay&#x131;nlar&#x131;</subfield>
    <subfield code="p">K&#x131;lavuzlar</subfield>
  </datafield>
  <datafield tag="610" ind1=" " ind2=" ">
    <subfield code="a">Cumhuriyet Halk Partisi (CHP)</subfield>
    <subfield code="x">Yerel se&#xE7;imler, 2014</subfield>
    <subfield code="y">K&#x131;lavuzlar</subfield>
  </datafield>
  <datafield tag="650" ind1=" " ind2=" ">
    <subfield code="a">Yerel se&#xE7;imler, 2014</subfield>
    <subfield code="x">K&#x131;lavuzlar</subfield>
    <subfield code="z">T&#xFC;rkiye</subfield>
  </datafield>
  <datafield tag="830" ind1=" " ind2=" ">
    <subfield code="a">CHP yay&#x131;nlar&#x131;</subfield>
  </datafield>
  <datafield tag="942" ind1=" " ind2=" ">
    <subfield code="2">ddc</subfield>
    <subfield code="c">BKS</subfield>
  </datafield>
  <datafield tag="999" ind1=" " ind2=" ">
    <subfield code="d">8706</subfield>
  </datafield>
</record>
